000 00683nam a2200205Ia 4500
003 OSt
005 20251008164430.0
008 220926b |||||||| |||| 00| 0 eng d
037 _cReference
040 _aRTL
_cRTL
_beng
041 _2eng
_aeng
084 _aU:(G:55),M7/SC
_qRTL
245 0 _aFight for survival: people action's for environment.
260 _aNew
_bDelhi Centre for Science & Environment
_c1987
300 _a361 p.
_ccm.
_bIncludes bibliographical references and index.
700 _aAgarwal Anil
_eEditor
_9847754
700 _aD'Monte, Darryl
_eEditor
_9847755
942 _hU:(G:55), M7/SC
_cREF
_2CC
_n0
999 _c691317
_d691317